[Event "London2"]
[Site "London"]
[Date "1994.??.??"]
[Round "8"]
[White "Carton, Niall"]
[Black "Fatin, Tarek"]
[Result "0-1"]
[WhiteElo "2265"]
[BlackElo "2385"]
[PlyCount "85"]
[EventDate "1994.??.??"]
[EventType "tourn"]
[EventRounds "9"]
[EventCountry "ENG"]
[EventCategory "4"]
[SourceTitle "EXT 1997"]
[Source "ChessBase"]
[SourceDate "1996.11.15"]
[SourceVersion "1"]
[SourceVersionDate "1996.11.15"]
[SourceQuality "1"]

1. e4 c5 2. Nf3 Nc6 3. d4 cxd4 4. Nxd4 a6 5. Nc3 e6 6. g3 Qc7 7. Bg2 Nf6 8. 0-0 Be7 9. Be3 0-0 10. Qe2 d6 11. Rad1 Rb8 12. h3 Ne5 13. g4 Nc4 14. Bc1 b5 15. g5 Ne8 16. Rd3 b4 17. Nd1 g6 18. b3 Ne5 19. Rg3 Ng7 20. f4 Nh5 21. Re3 Qb6 22. Bb2 Nd7 23. h4 e5 24. Nf5 Bd8 25. Kh2 f6 26. Nh6+ Kg7 27. f5 fxg5 28. fxg6 Rxf1 29. Qxf1 Nf4 30. gxh7 Kxh7 31. hxg5 Nf8 32. Rg3 Rb7 33. Bc1 N8g6 34. Nf5 Kh8 35. Be3 Qc6 36. Qf2 Rc7 37. Qd2 Nxg2 38. Rxg2 Rh7+ 39. Kg1 Bxf5 40. exf5 Nh4 41. Qe2 Nxg2 42. Qxg2 Qxg2+ 43. Kxg2 0-1

[Event "London2"]
[Site "London"]
[Date "1994.??.??"]
[Round "7"]
[White "Fatin, Tarek"]
[Black "Dunworth, Christopher"]
[Result "1-0"]
[WhiteElo "2385"]
[BlackElo "2245"]
[PlyCount "83"]
[EventDate "1994.??.??"]
[EventType "tourn"]
[EventRounds "9"]
[EventCountry "ENG"]
[EventCategory "4"]
[SourceTitle "EXT 1997"]
[Source "ChessBase"]
[SourceDate "1996.11.15"]
[SourceVersion "1"]
[SourceVersionDate "1996.11.15"]
[SourceQuality "1"]

1. Nf3 d6 2. c4 g6 3. Nc3 Bg7 4. d3 e5 5. Bg5 f6 6. Bd2 f5 7. Qc1 Nd7 8. g3 c6 9. Bg2 a5 10. 0-0 Ngf6 11. Bh6 0-0 12. Bxg7 Kxg7 13. Qc2 Rb8 14. a3 h6 15. b4 b5 16. Nd2 Bb7 17. Nb3 axb4 18. axb4 bxc4 19. dxc4 Ba8 20. b5 cxb5 21. cxb5 Bxg2 22. Kxg2 Qc7 23. Qd3 Rfc8 24. Rfc1 Nc5 25. Nxc5 Qxc5 26. Ra6 e4 27. Qd1 Ng4 28. Nxe4 Qxc1 29. Ra7+ Rc7 30. Qxc1 Rxa7 31. Nxd6 Rd8 32. b6 Rad7 33. Nc4 Rc8 34. Qb2+ Nf6 35. Na5 Rb8 36. b7 Re7 37. Qb6 Rf7 38. Qa7 Rff8 39. Nc6 Nd7 40. Qd4+ Nf6 41. Nxb8 Rxb8 42. Qb6 1-0

[Event "London1"]
[Site "London"]
[Date "1994.??.??"]
[Round "8"]
[White "Fatin, Tarek"]
[Black "McDonald, Neil R"]
[Result "1/2-1/2"]
[WhiteElo "2385"]
[BlackElo "2390"]
[PlyCount "124"]
[EventDate "1994.??.??"]
[EventType "tourn"]
[EventRounds "9"]
[EventCountry "ENG"]
[EventCategory "2"]
[SourceTitle "EXT 1997"]
[Source "ChessBase"]
[SourceDate "1996.11.15"]
[SourceVersion "1"]
[SourceVersionDate "1996.11.15"]
[SourceQuality "1"]

1. Nf3 Nf6 2. c4 g6 3. g3 Bg7 4. Bg2 0-0 5. Nc3 d6 6. 0-0 e5 7. d3 Nc6 8. Rb1 Nd4 9. b4 c6 10. b5 Bd7 11. Ba3 Qc7 12. Ng5 Rfd8 13. e3 Ne6 14. Nge4 Nxe4 15. Nxe4 Be8 16. bxc6 bxc6 17. Qb3 Rab8 18. Qc2 Rxb1 19. Rxb1 f5 20. Nc3 Rb8 21. Bb4 Bd7 22. Bf1 Nc5 23. Qc1 Na6 24. Qa3 Nxb4 25. Rxb4 Rxb4 26. Qxb4 Bf8 27. Qb3 Kg7 28. d4 exd4 29. exd4 Be7 30. Ne2 Bf6 31. Qa3 Qb8 32. h4 f4 33. h5 fxg3 34. Qxg3 Qf8 35. hxg6 hxg6 36. Nf4 Bf5 37. Bd3 Kf7 38. Bxf5 gxf5 39. Qg6+ Ke7 40. d5 cxd5 41. Nxd5+ Ke6 42. Kf1 Qf7 43. Qh6 Qg7 44. Qh5 Qf7 45. Qe2+ Kd7 46. Qc2 Bd4 47. Qa4+ Ke6 48. Qc6 Qd7 49. Nf4+ Ke7 50. Ng6+ Kd8 51. Qd5 Bb6 52. Qa8+ Kc7 53. Nf4 Qc6 54. Nd5+ Kd7 55. Qxc6+ Kxc6 56. Ke2 Bxf2 57. Kxf2 Kc5 58. Ne3 f4 59. Nd1 Kxc4 60. Kf3 Kb4 61. Kxf4 Ka3 62. Nc3 Kb2 1/2-1/2

[Event "London2"]
[Site "London"]
[Date "1994.??.??"]
[Round "5"]
[White "Fatin, Tarek"]
[Black "McDonald, Neil R"]
[Result "1-0"]
[WhiteElo "2385"]
[BlackElo "2390"]
[PlyCount "91"]
[EventDate "1994.??.??"]
[EventType "tourn"]
[EventRounds "9"]
[EventCountry "ENG"]
[EventCategory "4"]
[SourceTitle "EXT 1997"]
[Source "ChessBase"]
[SourceDate "1996.11.15"]
[SourceVersion "1"]
[SourceVersionDate "1996.11.15"]
[SourceQuality "1"]

1. c4 Nf6 2. g3 g6 3. Bg2 Bg7 4. Nc3 0-0 5. e4 d6 6. Nge2 c5 7. 0-0 Nc6 8. d3 Ne8 9. Be3 Nd4 10. Rb1 Nc7 11. b4 b6 12. Bxd4 cxd4 13. Nd5 Rb8 14. Nxc7 Qxc7 15. b5 e6 16. f4 f5 17. Qb3 Kh8 18. Kh1 Bb7 19. Rfe1 fxe4 20. Bxe4 Bxe4+ 21. dxe4 Rbc8 22. Rbc1 e5 23. Qd3 Bh6 24. Rc2 Rce8 25. Ng1 Rf7 26. Nf3 Qb7 27. Kg2 Qc7 28. h3 Qc5 29. fxe5 dxe5 30. Nh2 Ref8 31. Rf1 Rxf1 32. Nxf1 Qb4 33. Nh2 Qb1 34. Nf3 Be3 35. h4 Kg7 36. Nxe5 Qg1+ 37. Kh3 Re8 38. Rg2 Qe1 39. Nf3 Qh1+ 40. Nh2 Rf8 41. e5 Re8 42. Qe4 Re7 43. e6 Qc1 44. Qe5+ Kg8 45. Qb8+ Kg7 46. Qd6 1-0

[Event "London1"]
[Site "London"]
[Date "1994.??.??"]
[Round "3"]
[White "Fatin, Tarek"]
[Black "McKenna, Jason P"]
[Result "1-0"]
[WhiteElo "2385"]
[BlackElo "2175"]
[PlyCount "93"]
[EventDate "1994.??.??"]
[EventType "tourn"]
[EventRounds "9"]
[EventCountry "ENG"]
[EventCategory "2"]
[SourceTitle "EXT 1997"]
[Source "ChessBase"]
[SourceDate "1996.11.15"]
[SourceVersion "1"]
[SourceVersionDate "1996.11.15"]
[SourceQuality "1"]

1. c4 Nf6 2. g3 g6 3. Bg2 Bg7 4. Nc3 0-0 5. e4 d6 6. Nge2 Nc6 7. 0-0 e5 8. d3 Be6 9. Nd5 Qd7 10. Bg5 Ne8 11. Qd2 f6 12. Be3 Ne7 13. Nxe7+ Qxe7 14. f4 c6 15. Rac1 Nc7 16. d4 Bf7 17. fxe5 fxe5 18. d5 c5 19. Bh3 Ne8 20. Bg5 Bf6 21. Rxf6 Nxf6 22. Nc3 Kh8 23. Rf1 Bg8 24. Bh6 Rf7 25. Be6 Raf8 26. Bxf7 Rxf7 27. Qg5 a6 28. Kg2 b5 29. cxb5 axb5 30. Qh4 b4 31. Bg5 Kg7 32. Nd1 h5 33. Ne3 Qf8 34. h3 Ne8 35. Ng4 Kh7 36. Rxf7+ Qxf7 37. Ne3 Qd7 38. g4 Bf7 39. Bf6 Qb5 40. Bg5 Qd3 41. Kf3 Qb1 42. Qf2 Qxa2 43. Kg3 Qa7 44. gxh5 gxh5 45. Nf5 Qd7 46. Ne7 Kg7 47. Bh6+ 1-0

[Event "London1"]
[Site "London"]
[Date "1994.??.??"]
[Round "7"]
[White "Olesen, Martin"]
[Black "Fatin, Tarek"]
[Result "1/2-1/2"]
[WhiteElo "2340"]
[BlackElo "2385"]
[PlyCount "111"]
[EventDate "1994.??.??"]
[EventType "tourn"]
[EventRounds "9"]
[EventCountry "ENG"]
[EventCategory "2"]
[SourceTitle "EXT 1997"]
[Source "ChessBase"]
[SourceDate "1996.11.15"]
[SourceVersion "1"]
[SourceVersionDate "1996.11.15"]
[SourceQuality "1"]

1. e4 c5 2. Nf3 Nc6 3. d4 cxd4 4. Nxd4 a6 5. Nc3 e6 6. g3 Qc7 7. Bg2 b5 8. 0-0 Bb7 9. Re1 Be7 10. a4 Nxd4 11. Qxd4 e5 12. Qd3 b4 13. Nd5 Bxd5 14. exd5 d6 15. Rxe5 Kf8 16. Re4 a5 17. Bf4 Bf6 18. Qc4 Qd8 19. Rae1 Ne7 20. h4 h6 21. h5 Rg8 22. Qe2 g5 23. hxg6 Rxg6 24. Qh5 Kg7 25. R4e2 Bg5 26. Bxg5 Rxg5 27. Qf3 Ng6 28. Re8 Re5 29. R8xe5 Nxe5 30. Qe4 Rc8 31. Qf5 Rc5 32. Be4 Qg5 33. Qh7+ Kf8 34. Kg2 Qf6 35. Rh1 Ng4 36. Bf3 Ne5 37. Be4 Ng4 38. Bf3 Ne5 39. Qxh6+ Qxh6 40. Rxh6 Rxc2 41. Rxd6 Rxb2 42. Ra6 Rd2 43. Rxa5 Nd3 44. Be4 Rxf2+ 45. Kh3 Rd2 46. Kh4 Ne5 47. Kg5 Nc4 48. Ra8+ Kg7 49. Rb8 f6+ 50. Kg4 Rd4 51. Kf3 b3 52. g4 b2 53. a5 Nd2+ 54. Ke3 Rxe4+ 55. Kxd2 Ra4 56. Rxb2 1/2-1/2

[Event "Lloyds Bank op 14th"]
[Site "London"]
[Date "1990.??.??"]
[Round "?"]
[White "Fatin, Tarek"]
[Black "Sher, Miron Naumovich"]
[Result "1-0"]
[WhiteElo "2335"]
[BlackElo "2500"]
[PlyCount "59"]
[EventDate "1990.08.??"]
[EventType "swiss"]
[EventRounds "10"]
[EventCountry "ENG"]
[SourceTitle "EXT 1997"]
[Source "ChessBase"]
[SourceDate "1996.11.15"]
[SourceVersion "1"]
[SourceVersionDate "1996.11.15"]
[SourceQuality "1"]

1. c4 e6 2. Nf3 d5 3. b3 a5 4. Bb2 a4 5. Na3 Nf6 6. g3 Be7 7. Bg2 0-0 8. 0-0 b6 9. cxd5 axb3 10. axb3 exd5 11. Nc2 Ba6 12. Nfd4 Re8 13. d3 Bf8 14. Qd2 Bb7 15. Rxa8 Bxa8 16. Nf5 h6 17. Qf4 Nbd7 18. Nce3 Kh7 19. Ra1 Re6 20. Ra7 c6 21. Bh3 g6 22. Nh4 g5 23. Rxd7 Qxd7 24. Qf5+ Kg8 25. Bxf6 gxh4 26. Qg4+ Kh7 27. Qxh4 Bc5 28. Bf5+ Kg8 29. Qxh6 Rxf6 30. Qh7+ 1-0

[Event "Hastings Challengers 8990"]
[Site "Hastings"]
[Date "1989.??.??"]
[Round "?"]
[White "Fatin, Tarek"]
[Black "Wolff, Patrick G"]
[Result "0-1"]
[WhiteElo "2325"]
[BlackElo "2505"]
[PlyCount "84"]
[EventDate "1989.12.??"]
[EventType "swiss"]
[EventRounds "10"]
[EventCountry "ENG"]
[SourceTitle "TD"]
[Source "ChessBase"]
[SourceDate "1994.03.01"]
[SourceVersion "1"]
[SourceVersionDate "1994.03.01"]
[SourceQuality "1"]

1. c4 e5 2. g3 Nc6 3. Bg2 g6 4. Nc3 Bg7 5. d3 d6 6. e3 Nge7 7. Nge2 h5 8. h3 h4 9. e4 hxg3 10. fxg3 Be6 11. Nd5 Qd7 12. Bg5 Ng8 13. Qd2 f6 14. Be3 Nd8 15. Qa5 b6 16. Qa6 Ne7 17. g4 0-0 18. g5 fxg5 19. Bxg5 Nec6 20. Qa4 Rf7 21. Be3 Nb7 22. Kd2 Raf8 23. Raf1 Nc5 24. Rxf7 Rxf7 25. Qd1 Bxd5 26. exd5 Nb4 27. Nc1 Bh6 28. Rf1 Rxf1 29. Qxf1 Bxe3+ 30. Kxe3 Qe7 31. Kd2 Qg5+ 32. Kd1 Nbxd3 33. Nxd3 Nxd3 34. Qxd3 Qxg2 35. a3 Kg7 36. b4 Qf2 37. Kc1 Qd4 38. Qb3 e4 39. c5 e3 40. Qd1 Qxd1+ 41. Kxd1 bxc5 42. bxc5 dxc5 0-1

[Event "Edinburgh op"]
[Site "Edinburgh"]
[Date "1988.??.??"]
[Round "6"]
[White "Fatin, Tarek"]
[Black "Peek, Marcel"]
[Result "1-0"]
[WhiteElo "2310"]
[BlackElo "2345"]
[PlyCount "126"]
[EventDate "1988.??.??"]
[EventType "swiss"]
[EventRounds "9"]
[EventCountry "SCO"]
[SourceTitle "TD"]
[Source "ChessBase"]
[SourceDate "1994.03.01"]
[SourceVersion "1"]
[SourceVersionDate "1994.03.01"]
[SourceQuality "1"]

1. c4 e5 2. Nc3 Nf6 3. Nf3 Nc6 4. g3 Bb4 5. Bg2 0-0 6. d3 Nd4 7. 0-0 Re8 8. Bg5 Nxf3+ 9. Bxf3 Bxc3 10. bxc3 d6 11. Bg2 h6 12. Bxf6 Qxf6 13. Rb1 c6 14. Qd2 Qe7 15. Rb2 Qc7 16. f4 f5 17. fxe5 dxe5 18. Bh3 Rf8 19. e3 Bd7 20. Qc1 Rae8 21. Qb1 Bc8 22. Rbf2 g6 23. Qc1 e4 24. d4 Be6 25. c5 Bc4 26. Rd1 b5 27. Qa3 h5 28. Bf1 Bd5 29. Qc1 h4 30. c4 bxc4 31. Bxc4 Rd8 32. Bxd5+ Rxd5 33. gxh4 Qd8 34. Rf4 Rf7 35. Kh1 Rh7 36. Rg1 Kf7 37. Qe1 Rd7 38. Qf1 Qf6 39. Rg5 Rxh4 40. Rfxf5 gxf5 41. Rxf5 Rh6 42. Qf4 Re7 43. d5 cxd5 44. c6 Kg7 45. Rxf6 Rxf6 46. Qg5+ Kf7 47. Qxd5+ Kg6 48. h4 Rff7 49. Kg2 Kh6 50. Qg5+ Kh7 51. Qh5+ Kg8 52. Qd5 Kh7 53. Qh5+ Kg8 54. Qd5 Kh7 55. h5 Kh6 56. Kh3 Rf6 57. Kh4 Rff7 58. Qd6+ Kh7 59. h6 Kh8 60. Kg5 Kh7 61. a4 a5 62. Kh5 Rf5+ 63. Kg4 Rff7 1-0

[Event "Edinburgh op"]
[Site "Edinburgh"]
[Date "1988.??.??"]
[Round "7"]
[White "Pliester, Leon"]
[Black "Fatin, Tarek"]
[Result "1-0"]
[WhiteElo "2390"]
[BlackElo "2310"]
[PlyCount "151"]
[EventDate "1988.??.??"]
[EventType "swiss"]
[EventRounds "9"]
[EventCountry "SCO"]
[SourceTitle "TD"]
[Source "ChessBase"]
[SourceDate "1994.03.01"]
[SourceVersion "1"]
[SourceVersionDate "1994.03.01"]
[SourceQuality "1"]

1. e4 c5 2. Nf3 e6 3. d4 cxd4 4. Nxd4 Nc6 5. Nb5 d6 6. Bf4 e5 7. Be3 a6 8. N5c3 Nf6 9. Bc4 Be7 10. 0-0 0-0 11. a4 Bd7 12. Na3 Rb8 13. Bg5 Nd4 14. Bxf6 Bxf6 15. Bd3 b5 16. axb5 axb5 17. Nd5 Ne6 18. c3 Nf4 19. Nb4 g6 20. g3 Nh3+ 21. Kg2 Ng5 22. h4 Ne6 23. Rh1 Bg7 24. Bc2 Nc5 25. Kg1 Be8 26. h5 h6 27. Qd5 Kh8 28. Rd1 Rb6 29. Qd2 f5 30. Nd5 Rb7 31. hxg6 Bxg6 32. exf5 Bxf5 33. Bxf5 Rxf5 34. Ne3 Rff7 35. Ng4 Ne4 36. Qe3 Ng5 37. Nxh6 Bxh6 38. Rxh6+ Rh7 39. Qxe5+ dxe5 40. Rxd8+ Kg7 41. Rxh7+ Kxh7 42. Nc2 Kg6 43. Kf1 Ne4 44. Nb4 Kf5 45. Nd3 Nf6 46. Ke2 Rb6 47. Nb4 Ke6 48. f3 Rb7 49. Ke3 Rg7 50. g4 Rb7 51. g5 Nd7 52. Nd3 Kf5 53. g6 Nf6 54. Rf8 Kxg6 55. Nxe5+ Kg7 56. Rd8 b4 57. c4 b3 58. f4 Rb4 59. Kd4 Nh5 60. Kc3 Rb7 61. Rd7+ Rxd7 62. Nxd7 Nxf4 63. Kxb3 Kf7 64. Ka4 Ke7 65. Nb6 Kd6 66. Kb5 Ne6 67. Na4 Ke5 68. b4 Kd4 69. c5 Kd5 70. Nb6+ Kd4 71. c6 Nc7+ 72. Ka5 Ke5 73. b5 Kd6 74. Na4 Nd5 75. Nb2 Ne7 76. Kb6 1-0

[Event "London NWYM"]
[Site "London"]
[Date "1987.??.??"]
[Round "?"]
[White "Martin, Andrew D"]
[Black "Fatin, Tarek"]
[Result "1/2-1/2"]
[WhiteElo "2375"]
[BlackElo "2305"]
[PlyCount "79"]
[EventDate "1987.??.??"]
[EventType "tourn"]
[EventRounds "9"]
[EventCountry "ENG"]
[EventCategory "3"]
[SourceTitle "TD"]
[Source "ChessBase"]
[SourceDate "1994.03.01"]
[SourceVersion "1"]
[SourceVersionDate "1994.03.01"]
[SourceQuality "1"]

1. d4 d5 2. Nf3 Nf6 3. c4 c6 4. Nc3 dxc4 5. a4 Bg4 6. Ne5 Bh5 7. g3 e6 8. Bg2 Bb4 9. Nxc4 Nd5 10. Qd3 Na6 11. 0-0 0-0 12. h3 Be7 13. e4 Nab4 14. Qd2 Nb6 15. b3 c5 16. d5 Bf6 17. Bb2 Re8 18. d6 Nxc4 19. bxc4 a6 20. e5 Bxe5 21. Ne4 Nd3 22. Bxe5 Nxe5 23. g4 Bg6 24. Nxc5 Nxc4 25. Qd4 Nxd6 26. Rfd1 Rc8 27. Nxb7 Nxb7 28. Bxb7 Qxd4 29. Rxd4 Rc3 30. Bxa6 Rxh3 31. Bb5 e5 32. Rc4 Rd8 33. a5 Rb3 34. Bc6 Bd3 35. Rc5 Ba6 36. Rxe5 g6 37. Rae1 Kg7 38. Re7 Rd4 39. R1e4 Rxe4 40. Rxe4 1/2-1/2

[Event "Olympiad-26"]
[Site "Thessaloniki"]
[Date "1984.12.02"]
[Round "13"]
[White "Fatin, Tarek"]
[Black "Day, Lawrence A"]
[Result "0-1"]
[WhiteElo "2240"]
[BlackElo "2435"]
[PlyCount "76"]
[EventDate "1984.11.19"]
[EventType "team-swiss"]
[EventRounds "14"]
[EventCountry "GRE"]
[SourceTitle "EXT 1997"]
[Source "ChessBase"]
[SourceDate "1996.11.15"]
[SourceVersion "1"]
[SourceVersionDate "1996.11.15"]
[SourceQuality "1"]
[WhiteTeam "Egypt"]
[BlackTeam "Canada"]
[WhiteTeamCountry "EGY"]
[BlackTeamCountry "CAN"]

1. c4 Nc6 2. Nc3 e5 3. g3 g6 4. Bg2 Bg7 5. e4 d6 6. Nge2 Be6 7. d3 Qd7 8. 0-0 f5 9. Nd5 Nd8 10. f4 c6 11. exf5 gxf5 12. Ne3 Ne7 13. Rb1 Rc8 14. Bd2 Ng6 15. Bc3 0-0 16. Kh1 Rc7 17. Qe1 Qe8 18. Qf2 Nf7 19. d4 Nh6 20. h3 e4 21. d5 cxd5 22. Bxg7 Rxg7 23. cxd5 Bd7 24. Rfc1 Qd8 25. Nc4 Qb8 26. Rc2 Ne7 27. Qd4 Be8 28. Ne3 Bh5 29. Kh2 Qe8 30. Rg1 b5 31. Bf1 Bf3 32. Qd2 Qh5 33. Nd4 Rf6 34. Ne6 Rgg6 35. Rc7 Kf7 36. Qc2 Nhg8 37. Qc6 Rh6 38. Qa8 Qxh3+ 0-1

[Event "Olympiad-26"]
[Site "Thessaloniki"]
[Date "1984.11.28"]
[Round "9"]
[White "Yilmaz, Turhan"]
[Black "Fatin, Tarek"]
[Result "1/2-1/2"]
[WhiteElo "2335"]
[BlackElo "2240"]
[PlyCount "72"]
[EventDate "1984.11.19"]
[EventType "team-swiss"]
[EventRounds "14"]
[EventCountry "GRE"]
[SourceTitle "EXT 1997"]
[Source "ChessBase"]
[SourceDate "1996.11.15"]
[SourceVersion "1"]
[SourceVersionDate "1996.11.15"]
[SourceQuality "1"]
[WhiteTeam "Turkey"]
[BlackTeam "Egypt"]
[WhiteTeamCountry "TUR"]
[BlackTeamCountry "EGY"]

1. e4 c5 2. Nf3 Nc6 3. c3 Nf6 4. e5 Nd5 5. d4 cxd4 6. cxd4 d6 7. Bc4 dxe5 8. Nxe5 e6 9. 0-0 Be7 10. Re1 0-0 11. Nxc6 bxc6 12. Nc3 Nxc3 13. bxc3 Qa5 14. Bd2 Bf6 15. Qf3 Bxd4 16. cxd4 Qxd2 17. Qxc6 Rb8 18. Qe4 Bb7 19. Qe3 Qb4 20. Bb3 Rbd8 21. Red1 Qa5 22. Rac1 Rd6 23. Qe5 Qb6 24. d5 exd5 25. Bxd5 Bxd5 26. Rxd5 Re6 27. Qd4 Qc7 28. Rd1 Qe7 29. g3 Re4 30. Qd3 Ra4 31. Rd7 Qc5 32. Qb3 Ra3 33. Qb2 Qa5 34. Rd8 Rxd8 35. Rxd8+ Qxd8 36. Qxa3 Qb6 1/2-1/2

[Event "Olympiad-26"]
[Site "Thessaloniki"]
[Date "1984.11.23"]
[Round "5"]
[White "Fatin, Tarek"]
[Black "Lirindzakis, Timotheos"]
[Result "0-1"]
[WhiteElo "2240"]
[BlackElo "2330"]
[PlyCount "122"]
[EventDate "1984.11.19"]
[EventType "team-swiss"]
[EventRounds "14"]
[EventCountry "GRE"]
[SourceTitle "EXT 1997"]
[Source "ChessBase"]
[SourceDate "1996.11.15"]
[SourceVersion "1"]
[SourceVersionDate "1996.11.15"]
[SourceQuality "1"]
[WhiteTeam "Egypt"]
[BlackTeam "Greece II"]
[WhiteTeamCountry "EGY"]
[BlackTeamCountry "GRE"]

1. c4 Nf6 2. Nc3 e6 3. g3 d5 4. Bg2 Be7 5. cxd5 exd5 6. Nf3 0-0 7. 0-0 d4 8. Nb5 c5 9. d3 Nc6 10. Bd2 Bf5 11. Rc1 Qd7 12. Bg5 b6 13. Nh4 Bh3 14. Bxh3 Qxh3 15. Bxf6 Bxf6 16. Nf3 Qd7 17. a4 Rfe8 18. Na3 g6 19. Nc4 Rac8 20. Re1 Bg7 21. Qb3 Nb4 22. Rcd1 Bh6 23. e4 dxe3 24. fxe3 Nc6 25. Kg2 Rb8 26. Qc2 Nb4 27. Qb3 Nc6 28. h3 a6 29. e4 Qe6 30. Qc2 Red8 31. Qf2 Nb4 32. Qe2 b5 33. axb5 axb5 34. Nce5 Bg7 35. Ng4 c4 36. d4 Nd3 37. Rf1 h5 38. Nf2 Bxd4 39. Nxd4 Rxd4 40. Nxd3 cxd3 41. Rxd3 Rxe4 42. Qf3 Re2+ 43. Rf2 Re8 44. Rd2 Rxd2 45. Rxd2 Qe4 46. Qxe4 Rxe4 47. Kf3 Rb4 48. Rg2 Kg7 49. Ke3 h4 50. gxh4 Rxh4 51. Rh2 g5 52. Kf2 Kg6 53. Kg3 Rb4 54. Rd2 Rb3+ 55. Kg2 f5 56. Rf2 f4 57. h4 f3+ 58. Kg3 gxh4+ 59. Kxh4 Kf5 60. Kg3 Ke4 61. Rc2 Rd3 0-1

[Event "Olympiad-26"]
[Site "Thessaloniki"]
[Date "1984.11.19"]
[Round "1"]
[White "Fatin, Tarek"]
[Black "Ornstein, Axel"]
[Result "0-1"]
[WhiteElo "2240"]
[BlackElo "2405"]
[PlyCount "160"]
[EventDate "1984.11.19"]
[EventType "team-swiss"]
[EventRounds "14"]
[EventCountry "GRE"]
[SourceTitle "EXT 1997"]
[Source "ChessBase"]
[SourceDate "1996.11.15"]
[SourceVersion "1"]
[SourceVersionDate "1996.11.15"]
[SourceQuality "1"]
[WhiteTeam "Egypt"]
[BlackTeam "Sweden"]
[WhiteTeamCountry "EGY"]
[BlackTeamCountry "SWE"]

1. c4 Nf6 2. Nc3 c5 3. g3 e6 4. Bg2 d5 5. d3 Be7 6. cxd5 exd5 7. Qb3 Be6 8. Qxb7 Nbd7 9. Bf4 Nb6 10. Qc6+ Bd7 11. Qc7 d4 12. Qxd8+ Rxd8 13. Ne4 Nxe4 14. Bxe4 c4 15. dxc4 Nxc4 16. b3 Bb4+ 17. Kf1 Nd2+ 18. Bxd2 Bxd2 19. Kg2 0-0 20. Rd1 Bc3 21. Nh3 Rfe8 22. Bf3 Re5 23. Nf4 g5 24. Nd5 g4 25. Nf6+ Kg7 26. Nxg4 Ra5 27. a4 h5 28. Ne3 dxe3 29. Rd3 Bh3+ 30. Kxh3 Rxd3 31. exd3 exf2 32. Rd1 Bd4 33. Kg2 Rc5 34. b4 Rc2 35. Bxh5 Ra2 36. Kf1 Rxa4 37. Rb1 Ra6 38. Be2 Rb6 39. b5 Kf6 40. Bf3 Rd6 41. Rc1 Ke5 42. Rc7 f5 43. Rf7 Bb6 44. g4 fxg4 45. Bxg4 Rxd3 46. Be2 Rd8 47. Rf3 Rd2 48. Rd3 Rc2 49. Rd1 Kf4 50. Rd3 Be3 51. Rd1 Rc5 52. Rb1 Rg5 53. Rb4+ Kf5 54. Bd3+ Kf6 55. Ke2 Bb6 56. h4 Rg1 57. Rf4+ Ke5 58. Rf5+ Ke6 59. Rxf2 Bxf2 60. Kxf2 Rg4 61. h5 Rh4 62. Bg6 Rh3 63. Kg2 Rb3 64. Be8 Ke7 65. h6 Kf6 66. Bc6 Kg6 67. Kf2 Kxh6 68. Ke2 Kg5 69. Kd2 Kf4 70. Kc2 Rg3 71. Kb2 Ke5 72. Be8 Kd6 73. b6 axb6 74. Bf7 Kc5 75. Be8 Kb4 76. Bc6 Rh3 77. Bd7 Rh2+ 78. Kb1 Kc3 79. Ka1 Rd2 80. Bc6 Kb3 0-1

[Event "Olympiad-25"]
[Site "Luzern"]
[Date "1982.11.09"]
[Round "10"]
[White "Silva, Fernando"]
[Black "Fatin, Tarek"]
[Result "1-0"]
[WhiteElo "2350"]
[BlackElo "2240"]
[PlyCount "119"]
[EventDate "1982.10.30"]
[EventType "team-swiss"]
[EventRounds "14"]
[EventCountry "SUI"]
[SourceTitle "EXT 1997"]
[Source "ChessBase"]
[SourceDate "1996.11.15"]
[SourceVersion "1"]
[SourceVersionDate "1996.11.15"]
[SourceQuality "1"]
[WhiteTeam "Portugal"]
[BlackTeam "Egypt"]
[WhiteTeamCountry "POR"]
[BlackTeamCountry "EGY"]

1. e4 Nf6 2. e5 Nd5 3. Nc3 e6 4. Bc4 Nb6 5. Bb3 Be7 6. Qg4 0-0 7. d4 Kh8 8. Nf3 d5 9. Ne2 f5 10. Qg3 c5 11. c3 cxd4 12. cxd4 N6d7 13. h4 Rf7 14. Bg5 Nf8 15. Nf4 Qa5+ 16. Kf1 Nc6 17. h5 Kg8 18. Bxe7 Rxe7 19. Qg5 Qa6+ 20. Kg1 h6 21. Qh4 Rc7 22. Rc1 Bd7 23. Rc5 Rac8 24. Rxd5 Nd8 25. Rc5 Qb6 26. Nd3 Bb5 27. Rxc7 Qxc7 28. Nf4 Bc4 29. Ng6 Nxg6 30. hxg6 Bxb3 31. axb3 Nc6 32. Kh2 Ne7 33. Qg3 Qc2 34. Nh4 Qxb2 35. Qf3 Qxd4 36. g3 Rc2 37. Kg2 Nc6 38. Re1 Nxe5 39. Qe3 Qd5+ 40. Kg1 Rc5 41. f4 Nc6 42. Qxe6+ Qxe6 43. Rxe6 Kf8 44. Kf2 a5 45. Ke3 Rb5 46. Kf2 Rd5 47. Ke3 Nd4 48. Rb6 Rd7 49. Nf3 Nxf3 50. Kxf3 Ke7 51. Kg2 Rd6 52. Rxb7+ Kf6 53. Ra7 Kxg6 54. Rxa5 Rb6 55. Ra3 Rb5 56. Kh3 Kh5 57. Ra7 g6 58. b4 Rxb4 59. Ra5 Rb6 60. g4# 1-0